| 000 | 01819nam a2200493 i 4500 | ||
|---|---|---|---|
| 001 | 37482 | ||
| 003 | KOSZ 005 | ||
| 005 | 20220311124956.0 | ||
| 008 | 051025s1974 pl a |000 0 pol | ||
| 015 | _aUWD 1974/2878 | ||
| 035 | _a991028595589705066 | ||
| 035 | _a(PL-WaBN)b17737400-48omnis_nlop | ||
| 035 | _ab17737400 | ||
| 035 | _a(OCoLC)750022763 | ||
| 035 | _a(PL)b0000001773740 | ||
| 035 | _a(EXLNZ-48OMNIS_NETWORK)9910484456905606 | ||
| 040 |
_aWA N _cWA N _dKOSZ 005/HR |
||
| 041 | 1 |
_apol _heng |
|
| 046 | _k1970 | ||
| 080 | _a543.42 | ||
| 100 | 1 |
_aAlpert, Nelson L. _eAutor |
|
| 245 | 1 | 0 |
_aSpektroskopia w podczerwieni : _bteoria i praktyka / _cNelson L. Alpert, William E. Keiser, Herman A. Szymański ; tł. Przemysław Gluziński, Magdalena Kątcka, Joanna Sadlej. |
| 246 | 1 |
_iTyt. oryg.: _aIR theory and practice of infrased spectroscopy, _f1970 |
|
| 260 |
_aWarszawa : _bPaństwowe Wydawnictwo Naukowe, _c1974. |
||
| 300 |
_a357, [2] s., 20 s. tabl. : _bil., wykr., err. ; _c25 cm. |
||
| 336 |
_aTekst _btxt _2rdacontent |
||
| 337 |
_aBez urządzenia pośredniczącego _bn _2rdamedia |
||
| 338 |
_aWolumin _bnc _2rdacarrier |
||
| 380 | _aKsiążki | ||
| 388 | _a1901-2000 | ||
| 388 | _a1945-1989 | ||
| 504 | _aBibliogr. | ||
| 650 | 7 | _aSpektroskopia | |
| 658 | _aChemia | ||
| 700 | 1 |
_aGluziński, Przemysław _eTłumaczenie |
|
| 700 | 1 |
_aKątcka, Magdalena _eTłumaczenie |
|
| 700 | 1 |
_aKeiser, William E. _eAutor |
|
| 700 | 1 |
_aSadlej, Joanna _d(1944- ) _eTłumaczenie |
|
| 700 | 1 |
_aSzymański, Herman A. _eAutor |
|
| 710 | _aPaństwowe Wydawnictwo Naukowe | ||
| 856 |
_uhttp://koha.tu.koszalin.pl/cgi-bin/koha/opac-detail.pl?biblionumber=37482 _yKatalog online BPK |
||
| 942 |
_2UKD _cKS |
||
| 999 |
_c37482 _d37482 |
||